Histoire en images - E - Statistiques

Statistiques générales
  • Ce quiz a été pris 361 fois
  • Le résultat moyen est 12 sur 18
Statistiques - réponses
Par images Hint Réponse % Correct
Scientifique Albert Einstein
99%
Pays Égypte
98%
Reine Elizabeth II
97%
Personnage biblique Ève
94%
Monture d'Hannibal Éléphant
88%
Texte de 1598 Édit de Nantes
77%
Palais Palais de Élysée
77%
Gratte-ciel Empire State Building
75%
Criminel Pablo Escobar
75%
Accords de 1962 Accords d’Évian
71%
Ingénieur Gustave Eiffel
71%
Expression grecque Eurêka !
69%
Ancien nom de Tokyo Edo
56%
Divinité Éros
50%
Chef d'État Boris Eltsine
44%
Machine Enigma
42%
Île Ellis Island
38%
Personnage mythologique Europe
22%
Aucun quiz correspondant
Distribution des résultats
% des personnes avec chaque résultat
Percentile par nombre de réponses
Votre historique - résultats
Vous n’avez pas pris ce quiz